Compact handbook of computational biology (Record no. 1947)

000 -LEADER
fixed length control field 00873nam a22002537a 4500
001 - CONTROL NUMBER
control field 1947
003 - CONTROL NUMBER IDENTIFIER
control field BD-DhUET
008 - FIXED-LENGTH DATA ELEMENTS--GENERAL INFORMATION
fixed length control field 041101s2004 nyua bf 001 0 eng d
020 ## - INTERNATIONAL STANDARD BOOK NUMBER
International Standard Book Number 0824709829
040 ## - CATALOGING SOURCE
Original cataloging agency GZQ
Transcribing agency GZQ
Modifying agency BD-DhUET
082 00 - DEWEY DECIMAL CLASSIFICATION NUMBER
Classification number 574.8802
Item number KON/2004
245 00 - TITLE STATEMENT
Title Compact handbook of computational biology
Statement of responsibility, etc. edited by Andrzej K. Konopka and M. James C. Crabbe
250 ## - EDITION STATEMENT
Edition statement Ist ed.
260 ## - PUBLICATION, DISTRIBUTION, ETC. (IMPRINT)
Place of publication, distribution, etc. New York
Name of publisher, distributor, etc. Marcel Dekker
Date of publication, distribution, etc. 2004
300 ## - PHYSICAL DESCRIPTION
Extent viii, 560 p.
Other physical details ill.
Dimensions 24 cm.
504 ## - BIBLIOGRAPHY, ETC. NOTE
Bibliography, etc Includes bibliographies
650 #0 - SUBJECT ADDED ENTRY--TOPICAL TERM
Topical term or geographic name as entry element Molecular biology-Handbooks, mauals, etc.
700 1# - ADDED ENTRY--PERSONAL NAME
Personal name Konopka, Andrzej K.
700 1# - ADDED ENTRY--PERSONAL NAME
Personal name Crabbe, M. James C.
942 ## - ADDED ENTRY ELEMENTS (KOHA)
Koha item type Edited Book
856 41 - ELECTRONIC LOCATION AND ACCESS
Uniform Resource Identifier http://www.loc.gov/catdir/toc/fy052/2004559904.html
856 42 - ELECTRONIC LOCATION AND ACCESS
Uniform Resource Identifier http://www.e-streams.com/es0803/es0803_3962.html
856 42 - ELECTRONIC LOCATION AND ACCESS
Uniform Resource Identifier http://www.loc.gov/catdir/enhancements/fy0647/2004559904-d.html
Holdings
Piece designation (barcode) Price effective from Damaged status Location (home branch) Koha normalized classification for sorting Koha item type Koha full call number Sublocation or collection (holding branch) Koha date last seen Date acquired Copy number Source of classification or shelving scheme Withdrawn status Shelving location Lost status Not for loan
1052482014-09-15 Central Library, BUET574_000000000000000_8802KON200Edited Book574.8802/KON/2004Central Library, BUET2014-09-152014-09-151  Circulation section  
1052492014-10-27 Central Library, BUET574_880200000000000_KON_2004Edited Book574.8802/KON/2004Central Library, BUET2014-10-272014-10-272  Circulation section